| 000 | 02383nam1a2200337 i 4500 | ||
|---|---|---|---|
| 001 | RU\NLR\bibl\2062243 | ||
| 005 | 20260408104050.0 | ||
| 035 | _a(NLR Aleph) 002048927 | ||
| 090 |
_a4632054 _c4632054 |
||
| 100 | _a20131026g20109999k y0rusy50 ca | ||
| 101 | 0 |
_arus _aeng _atur |
|
| 102 | _aRU | ||
| 105 | _a||||z ||||| | ||
| 200 | 1 |
_aТувинская письменность и вопросы исследования письменностей и письменных памятников России и Центрально-Азиатского региона _eматериалы международной научной конференции, посвященной 80-летию тувинской письменности, (г. Кызыл, 1-4 июля 2010 г.) _f[отв. ред.: Бичелдей К.А., д.филол.н., акад. РАЕН и РАСН] |
|
| 210 |
_aАбакан _aКызыл _cХакасское книжное изд-во _d2010 |
||
| 215 | _d29 | ||
| 300 | _aВ надзаг.: Правительство Респ. Тыва, Тувин. ин-т гуманитар. исслед. при Правительстве Респ. Тыва, М-во образования, науки и молодеж. политики Респ. Тыва, М-во культуры и туризма Респ. Тыва [и др.] | ||
| 463 | 0 | _10012018793 | |
| 463 | 0 | _10012018797 | |
| 606 | 1 |
_aФилология _jСъезды, совещания и т.п. _9921663 _3RU\NLR\AUTH\6619068 |
|
| 606 |
_aТувинская филология _jСъезды, совещания и т.п. _91813785 _3RU\NLR\AUTH\661111436 |
||
| 686 | 1 | _aШ.я431 | |
| 686 | 1 | _aШ063.44я431 | |
| 702 | 1 |
_4340 _8rus _7ca _aБичелдей _bК. А. _gКаадыр-оол Алексеевич _f1950- _3RU\NLR\auth\7713089 _9122792 |
|
| 711 | 1 | 2 |
_4070 _a"Тувинская письменность и вопросы исследования письменностей и письменных памятников России и центрально-азиатского региона", международная научная конференция _f2010 _eКызыл _3RU\NLR\AUTH\8810243615 _9373039 |
| 801 | 0 |
_aRU _bNLR _c20130812 _gRCR |
|
| 801 | 1 |
_aRU _bNLR _c20130812 |
|
| 852 |
_aNLR _j2013-8/1080 |
||
| 942 | _cBOOK | ||